Design for Christian marriage. (Record no. 14612)

000 -LEADER
fixed length control field 00672nam a2200205 a 4500
001 - CONTROL NUMBER
control field :::00012444$&:&@@
003 - CONTROL NUMBER IDENTIFIER
control field OkBaRHE
005 - DATE AND TIME OF LATEST TRANSACTION
control field 20010227095634.0
008 - FIXED-LENGTH DATA ELEMENTS--GENERAL INFORMATION
fixed length control field s1959 j 000 0 eng u
040 ## - CATALOGING SOURCE
Transcribing agency
100 1# - MAIN ENTRY--PERSONAL NAME
Personal name Small, Dwight Hervey.
245 10 - TITLE STATEMENT
Title Design for Christian marriage.
260 ## - PUBLICATION, DISTRIBUTION, ETC. (IMPRINT)
Place of publication, distribution, etc Westwood, NJ., :
Name of publisher, distributor, etc Fleming H. Revell Company
Date of publication, distribution, etc c1959
300 ## - PHYSICAL DESCRIPTION
Extent 221 p. ;
Dimensions 21 cm.
650 ## - SUBJECT ADDED ENTRY--TOPICAL TERM
Topical term or geographic name as entry element Family
650 ## - SUBJECT ADDED ENTRY--TOPICAL TERM
Topical term or geographic name as entry element Marriage
942 ## - ADDED ENTRY ELEMENTS (KOHA)
Source of classification or shelving scheme
Koha item type Books
Copies
Date last seen Lost status Permanent Location Copy number Price effective from Koha item type Withdrawn status Full call number Date acquired Shelving location Damaged status Source of classification or shelving scheme Barcode Not for loan
2010-04-14 RHEMA Bible Training College12010-04-14Books HQ 734 .S5922010-04-14General Stacks  12444 
2010-04-14 RHEMA Bible Training College22010-04-14Books HQ 734 .S5922010-04-14General Stacks  20002